<?xml version="1.0" encoding="UTF-8"?>
<record
    xmlns:xsi="http://www.w3.org/2001/XMLSchema-instance"
    xsi:schemaLocation="http://www.loc.gov/MARC21/slim http://www.loc.gov/standards/marcxml/schema/MARC21slim.xsd"
    xmlns="http://www.loc.gov/MARC21/slim">

  <leader>00217nam a2200085   4500</leader>
  <controlfield tag="001">1254898</controlfield>
  <controlfield tag="005">20251128140440.0</controlfield>
  <datafield tag="245" ind1=" " ind2=" ">
    <subfield code="a">I&#x15E;IK,RENK,&#x15E;EK&#x130;L VE YER&#xC7;EK&#x130;M&#x130;</subfield>
    <subfield code="c">POP&#xDC;LER B&#x130;L&#x130;M K&#x130;TAPLARI</subfield>
  </datafield>
  <datafield tag="260" ind1=" " ind2=" ">
    <subfield code="b">&#x130;LET&#x130;&#x15E;&#x130;M</subfield>
  </datafield>
  <datafield tag="999" ind1=" " ind2=" ">
    <subfield code="c">1254898</subfield>
    <subfield code="d">1254898</subfield>
  </datafield>
  <datafield tag="952" ind1=" " ind2=" ">
    <subfield code="0">0</subfield>
    <subfield code="1">0</subfield>
    <subfield code="2">ddc</subfield>
    <subfield code="4">0</subfield>
    <subfield code="7">0</subfield>
    <subfield code="a">1020</subfield>
    <subfield code="b">1020</subfield>
    <subfield code="d">2025-11-28</subfield>
    <subfield code="l">0</subfield>
    <subfield code="o">X11</subfield>
    <subfield code="p">10204654</subfield>
    <subfield code="r">2025-11-28 14:04:50</subfield>
    <subfield code="w">2025-11-28</subfield>
    <subfield code="y">BK</subfield>
  </datafield>
</record>
